The Bitcoin Standard
Saved in:
| Main Author: | |
|---|---|
| Format: | Book |
| Published: |
WARWISH PUBLICATION
|
| Subjects: | |
| Tags: |
No Tags, Be the first to tag this record!
|
MARC
| LEADER | 00000nam a2200000Ia 4500 | ||
|---|---|---|---|
| 005 | 20260427112709.0 | ||
| 526 | |b FinTech | ||
| 100 | |a Saifedean Ammous | ||
| 020 | |a 9780016755972 | ||
| 650 | |a Crypto | ||
| 526 | |a Masters | ||
| 942 | |c BK | ||
| 245 | |a The Bitcoin Standard | ||
| 260 | |b WARWISH PUBLICATION | ||
| 999 | |c 79 |d 79 | ||
| 952 | |0 0 |1 0 |4 0 |7 0 |8 3 |a BRISTOL |b BRISTOL |d 2026-04-22 |l 0 |p 000101 |r 2026-04-27 11:27:10 |w 2026-04-27 |y BK | ||